| 000 | 00946nmm a2200277 a 4500 | ||
|---|---|---|---|
| 001 | ocm0001349951 | ||
| 003 | TR-IsHL | ||
| 005 | 20201028161053.0 | ||
| 008 | 161016s2014 tu tur | ||
| 007 | cr cn | ||
| 020 | _a9786051316215 | ||
| 035 |
_a1349951 _b(N$T) |
||
| 050 | 0 | 4 |
_aBP130.4 _b.G67 |
| 090 | 0 | 4 |
_aBP130.4 _b.G67 |
| 100 | 1 | _aGümrükçüoğlu, Süleyman | |
| 245 | 1 | 0 |
_aKur'an'da iletişim dili _h[electronic resource] / _cSüleyman Gümrükçüoğlu |
| 260 |
_aİstanbul : _bEtkileşim Yayınları, _c2014 |
||
| 300 | _a311 p. | ||
| 500 |
_aKaynakça : s. 293-310. _x |
||
| 650 | 4 | _aFelsefe, Psikoloji ve Din | |
| 650 | 4 | _aPhilosophy, Psychology and Religion | |
| 650 | 0 |
_aKur'an-ı Kerim _x İletişim |
|
| 650 | 0 |
_aQur'an _x Communication |
|
| 650 | 7 |
_aRELIGION / Islam / Koran & Sacred Writings _2bisacsh |
|
| 856 | 4 | 0 | _uhttp://search.ebscohost.com/login.aspx?direct=true&scope=site&db=e011xww&AN=1349951 |
| 999 |
_c13929 _d13929 |
||